00732nam a2200205 a 450000100100000000500170001000800410002702000150006804000250008310000300010824501120013826000280025030000350027850000210031370000320033470000290036604900090039595201050040499900170050900003427520200930073620.0110929s2003 es 000 0 spa d a8466203877 aDO-SdBNPbspacBNPHU1 aHalbertsma, Hidde.95970510aEnciclopedia de las antigüedades /cHidde Halbertsma; traducción, José Luis Tamayo e Inés Martín. aMadrid :bLibsa,c2003. a346 p. :bil., retrs ;c24 cm.1 aIncluye índice1 aTamayo, José Luis,9597031 aMartín, Inés,945082 aBNPD 001050718MOaGRbGRcCTd2011-09-29iLF1l0o p34275-10r2020-06-25w2020-06-25y1ZNo se presta c33766d33766